Vật lí 11 Sách giáo viên

שמור ב:
מידע ביבליוגרפי
מחבר ראשי: Lương, Duyên Bình
מחברים אחרים: Vũ, Quang
פורמט: ספר
שפה:Undetermined
יצא לאור: H. Giáo dục 2007
נושאים:
גישה מקוונת:http://lrc.tdmu.edu.vn/opac/search/detail.asp?aID=2&ID=5376
תגים: הוספת תג
אין תגיות, היה/י הראשונ/ה לתייג את הרשומה!
Thư viện lưu trữ: Trung tâm Học liệu Trường Đại học Thủ Dầu Một
LEADER 00664nam a2200217Ia 4500
001 TDMU_5376
008 210410s9999 xx 000 0 und d
082 |a 530.72 
090 |b L561 
100 |a Lương, Duyên Bình 
245 0 |a Vật lí 11 
245 0 |b Sách giáo viên 
245 0 |c Lương Duyên Bình 
260 |a H. 
260 |b Giáo dục 
260 |c 2007 
300 |a 231tr 
650 |a Sách lớp 11  |v Giáo viên; Vật lí  |x Dạy và học 
700 |a Vũ, Quang 
856 |u http://lrc.tdmu.edu.vn/opac/search/detail.asp?aID=2&ID=5376 
980 |a Trung tâm Học liệu Trường Đại học Thủ Dầu Một